Countries Containing U - One Minute Sprint - Statistics

General Stats
  • This quiz has been taken 72 times
  • The average score is 20 of 59
Answer Stats
country % Correct
United Kingdom
89%
United States
85%
Uruguay
74%
United Arab Emirates
66%
Uganda
62%
Ukraine
58%
Australia
55%
Uzbekistan
55%
Austria
53%
Burundi
47%
South Korea
47%
South Sudan
47%
South Africa
45%
Sudan
43%
Guinea
40%
Guinea-Bissau
40%
Paraguay
40%
Russia
40%
Turkey
38%
Turkmenistan
38%
Tunisia
36%
Cuba
34%
Bulgaria
32%
Equatorial Guinea
32%
Palau
32%
Ecuador
30%
Guatemala
30%
Hungary
30%
Peru
30%
Venezuela
30%
Belgium
28%
Nauru
28%
Saudi Arabia
28%
Suriname
28%
Tuvalu
28%
Antigua and Barbuda
26%
Burkina Faso
26%
Papua New Guinea
26%
Honduras
25%
Guyana
23%
Portugal
23%
Vanuatu
23%
Kuwait
21%
Nicaragua
21%
Belarus
19%
Djibouti
19%
Luxembourg
19%
Mauritania
19%
Mauritius
17%
St Lucia
17%
Bhutan
15%
Central African Republic
15%
Democratic Republic of the Congo
13%
Dominican Republic
13%
Lithuania
13%
Mozambique
13%
Republic of the Congo
13%
Brunei
11%
Cyprus
2%
No matching quizzes found
Score Distribution
Percent of People with Each Score
Percentile by Number Answered
Your Score History
You have not taken this quiz